00222nam a2200097Ia 4500008004100000041000800041100001700049245002300066260001800089365001700107240703s9999 xx 000 0 und d aeng aBerk Demarzo aCorporate Finance  bPearsonc2023 cb 8,263.90